00490nam a2200169Ia 4500008004100000016001400041040001700055050001600072082001000088100004300098245005600141260003700197300002400234500002800258563001000286650002400296210303s9999 xx 000 0 und d 2reto2022b aNLNbEnglish aPQ2442b.H4 a843.7 aHERMMINGS, Frederick William Johneaut 0aStendhal, a study of his novels /cF.W.J. Hermmings aOxford :bClarendon Press,c1964 axvii, 232p.b; 23cm abibliography: p.213-227 a(pbk) aStendhal, 1783-1842